Harry Potter Split Surnames Quiz Stats

Quiz Updated Mar 7, 2018

Challenge
Share
Tweet
Score 0/33 Timer 05:00
5 Plays Today
% Correct
Huffle
95.8%
Slug
91.9%
Love
91.1%
Long
91%
Grindel
90.4%
Lock
90.3%
Flit
88.7%
Kar
87.8%
Le
85.6%
Shackle
84.2%
Gregoro
82%
Scrim
81.8%
Grubbly
79.8%
Finch
77.6%
Bag
76.7%
Shun
72.6%
Bur
70.7%
% Correct
Thick
69%
Edge
68.3%
Mac
68%
Catter
67.5%
Bul
67.2%
Rook
61.3%
Car
60.1%
Cress
57.8%
Hop
57.6%
Pod
53.5%
Run
51.5%
Pol
49.7%
Kettle
49.5%
March
46.2%
Twy
46%
Widder
42.7%

You're not logged in!

Compare scores with friends on all Sporcle quizzes.
Sign Up with Email
OR
Log In

You Might Also Like...

Show Comments

Extras

Top Quizzes Today


Score Distribution

Your Account Isn't Verified!

In order to create a playlist on Sporcle, you need to verify the email address you used during registration. Go to your Sporcle Settings to finish the process.

Report this User

Report this user for behavior that violates our Community Guidelines.

Details: